000 00344nas a2200157 a 4500
001 79561
003 155761
005 20201118111634.0
008 ||||||n9999 ||| || ||
245 0 _aTime - Vol.157 No.12
260 _aEstados Unidos :
562 _e1
773 _021966
_aTime
942 _cSISS
999 _c79561
_d79561